| 000 | 00676nam a22002057a 4500 | ||
|---|---|---|---|
| 005 | 20260604122456.0 | ||
| 010 | _aENG-148737 | ||
| 020 |
_a9789347435928 _c399.00 |
||
| 035 | _aEN-132269 | ||
| 037 | _bDBAD | ||
| 082 |
_a327.5 _21 |
||
| 245 |
_aRevisionists Rising China Russia Iran And North Korea In The Global Order/ _cEdited by Harsh V Pant [and] Rahul Rawat |
||
| 250 | _a1 | ||
| 260 |
_aNew Delhi _bHar Anand Publication _c2026 |
||
| 270 |
_aE-49/3, Okhla Industrial Area, Phase-II, _bNew Delhi _e110020 |
||
| 300 |
_a85p. _c22cm(hb) |
||
| 700 |
_aPant, Harsh V _eEditor |
||
| 700 |
_aRawat, Rahul _eEditor _989301 |
||
| 942 |
_2ddc _cEN _h327.5 _mREV |
||
| 999 |
_c216494 _d216494 |
||